| 000 | 00659nam a2200253Ia 4500 | ||
|---|---|---|---|
| 003 | OSt | ||
| 005 | 20221006151149.0 | ||
| 006 | a|||||r|||| 00| 0 | ||
| 007 | ta | ||
| 008 | 221006b |||||||| |||| 00| 0 jpn d | ||
| 024 | _a21,155 | ||
| 037 |
_bGift, Japan Foundation _cTextual |
||
| 040 |
_aEASL _cEASL _bjpn |
||
| 041 |
_2jpn _ajpn |
||
| 082 | _a1008354 | ||
| 100 |
_aIKEDA Kiyoshi _9658469 |
||
| 245 | 0 | _aKaigun to nihon | |
| 260 |
_aTokyo _bChuko Bunko Japan _c1981 |
||
| 300 |
_a208p. _ccm. |
||
| 490 | _v JL | ||
| 650 | _aJL | ||
| 942 |
_h1008354 _cTEXL _2CC |
||
| 999 |
_c1089241 _d1089241 |
||